| 000 | 01398nam a2200373 c 4500 | ||
|---|---|---|---|
| 001 | 8609 | ||
| 003 | ES-MaCES | ||
| 005 | 20141221121947.0 | ||
| 008 | 990330m19951996sp 100 | spa d | ||
| 017 |
_aM 16938-1996 _bDL |
||
| 020 | _a8487462235 | ||
| 035 | _aCES19990004790m | ||
| 040 |
_aES-MaCES _bspa _cES-MaCES |
||
| 111 | 2 |
_aCurso de Verano "Ética Pública y Moral Social" _d1995 _cEl Escorial _9439 |
|
| 245 | 1 | 0 |
_aEtica pública y moral social _c[curso de verano de la Universidad Complutense, que es patrocinado por la Fundación Diálogos, se celebró en el Escorial en Julio de 1995] ; Luis Nuñez Ladevéze, ed. ; Alvira, R... [et. al] |
| 260 |
_aMadrid _bNoesis _cD.L. 1996 |
||
| 300 |
_a239 p. _c21 cm |
||
| 541 | _cGratuito | ||
| 650 | 4 |
_aética _927324 |
|
| 650 | 4 |
_anorma social _929391 |
|
| 650 | 4 |
_asistema social _929382 |
|
| 650 | 4 |
_aresponsabilidad moral _929390 |
|
| 650 | 4 |
_acomportamiento político _927237 |
|
| 650 | 4 |
_acorrupción _929365 |
|
| 650 | 4 |
_aeconomía de mercado _929377 |
|
| 650 | 4 |
_acurso de formación _927464 |
|
| 653 | 1 | 0 | _aCiencias Sociales-Políticas |
| 700 | 1 |
_aAlvira, Rafael _96181 |
|
| 700 | 1 |
_aNúñez Ladevéze, Luis _eed. lit. _919778 |
|
| 711 | 2 |
_aCursos de Verano (Universidad Complutense de Madrid) _d1995 _cEl Escorial _9747 |
|
| 902 | _aLIB Libro | ||
| 942 |
_2CES _cBK _h7.0. |
||
| 999 |
_c8609 _d8609 |
||